20 Country Snapshot VIII Quiz Stats

 Plays Quiz Updated Jul 2, 2018

Challenge
Share
Tweet
Score 0/20 Timer 02:00
1 Play Today
% Correct
Italy
99.6%
Spain
99.1%
France
98.2%
Greece
96.5%
Croatia
87.8%
Morocco
85.1%
Serbia
84.7%
Algeria
84.1%
Albania
83.7%
Vatican City
82.8%
% Correct
Macedonia
82.5%
Malta
81.5%
Tunisia
81.4%
Bosnia and Herzegovina
79.5%
Montenegro
79.1%
Andorra
79%
Kosovo
78.9%
Monaco
77.5%
San Marino
77.5%
Bulgaria
73.4%

You're not logged in!

Compare scores with friends on all Sporcle quizzes.
OR
Log In

You Might Also Like...

Show Comments

Extras

Top Quizzes Today


Score Distribution

Your Account Isn't Verified!

In order to create a playlist on Sporcle, you need to verify the email address you used during registration. Go to your Sporcle Settings to finish the process.

Report this User

Report this user for behavior that violates our Community Guidelines.

Details: